Graphs
Gardado en:
| Autor Principal: | |
|---|---|
| Formato: | Libro |
| Idioma: | inglés |
| Publicado: |
Amsterdam
North-Holland
1985
|
| Edición: | 2a. ed |
| Series: | North-Holland Mathematical Library, 6
|
| Subjects: | |
| Tags: |
Engadir etiqueta
Sen Etiquetas, Sexa o primeiro en etiquetar este rexistro!
|
MARC
| LEADER | 00000nam a2200000 a 4500 | ||
|---|---|---|---|
| 001 | UCQ9493 | ||
| 003 | CL-VaPUC | ||
| 008 | 990112e19850000NE |||||||||||||||||eng|d | ||
| 082 | 0 | 4 | |a 511.5 |b BER |2 21 |
| 100 | 0 | |a Berge, Claude |e author |9 424075 | |
| 245 | 1 | 0 | |a Graphs |
| 250 | |a 2a. ed | ||
| 300 | |a 413 p | ||
| 942 | |c BK | ||
| 945 | |d 19990112 00:00:00 |a crobeson | ||
| 260 | |a Amsterdam |b North-Holland |c 1985 | ||
| 650 | 0 | |a Teoría de grafos |9 269886 | |
| 650 | 0 | |a Grafos |9 344754 | |
| 583 | |a last modification |c 19990112 00:00:00 |k Rodrigo Vera | ||
| 490 | 0 | |a North-Holland Mathematical Library, 6 | |
| 999 | |c 278494 |d 278492 | ||
| 952 | |0 0 |1 0 |4 0 |6 511_500000000000000_BER_1985 |7 0 |8 A |9 317077 |a BIBMAT |b BIBMAT |d 2019-11-20 |i 1315269 |o 511.5 BER 1985 |p 1315269 |r 2025-01-07 |w 2019-11-20 |y BK |k MAT | ||